000 00316nam a22001337a 4500
008 170527b xxu||||| |||| 00| 0 eng d
020 _a0070233276
041 _aeng
080 _a621.3
100 _a27
101 _aIM
245 _aMICROPROCESSORS/MICROCOMPUTERS: AN INTRODUCTION
_cGIVONE, D.D
942 _2udc
_cBK
999 _c14669
_d14669